Paroles Rocket - Tip Stevens - Statistiques

Statistiques générales
  • Ce quiz a été pris 53 fois
  • Le résultat moyen est 163 sur 198
Statistiques - réponses
Lyrics % Correct
a
100%
I
100%
rocket
96%
you
96%
You
96%
for
92%
it
92%
It
92%
its
92%
me
92%
the
92%
can
88%
could
88%
fire
88%
here
88%
I'll
88%
make
88%
Make
88%
see
88%
were
88%
wish
88%
Wish
88%
Don't
84%
in
84%
In
84%
know
84%
no
84%
so
84%
spit
84%
there
84%
To
84%
your
84%
already
80%
built
80%
Of
80%
of
80%
was
80%
Just
76%
last
76%
lost
76%
shining
76%
core
72%
light
72%
Working
72%
alright
68%
Alright
68%
feel
64%
first
64%
great
64%
not
64%
Now
64%
plan
64%
ready
64%
right
64%
time
64%
build
60%
calling
60%
leave
60%
Before
56%
hope
56%
notice
52%
cold
48%
gold
48%
one
48%
soul
48%
ride
44%
past
36%
With
28%
flights
20%
Aucun quiz correspondant
Distribution des résultats
% des personnes avec chaque résultat
Percentile par nombre de réponses
Votre historique - résultats
Vous n’avez pas pris ce quiz